|
|
|
|
| LEADER |
01725cas a2200241 a 4500 |
| 001 |
AALejournalIMF021304 |
| 008 |
230101c9999 xx r poo 0 0eng d |
| 020 |
|
|
|c 5.00 USD
|
| 020 |
|
|
|z 9781513561158
|
| 022 |
|
|
|a 1018-5941
|
| 040 |
|
|
|a BD-DhAAL
|c BD-DhAAL
|
| 100 |
1 |
|
|a Williams, Peter.
|
| 245 |
1 |
0 |
|a Inflation Expectations in the U.S. :
|b Linking Markets, Households, and Businesses /
|c Peter Williams.
|
| 264 |
|
1 |
|a Washington, D.C. :
|b International Monetary Fund,
|c 2020.
|
| 300 |
|
|
|a 1 online resource (25 pages)
|
| 490 |
1 |
|
|a IMF Working Papers
|
| 500 |
|
|
|a <strong>Off-Campus Access:</strong> No User ID or Password Required
|
| 500 |
|
|
|a <strong>On-Campus Access:</strong> No User ID or Password Required
|
| 506 |
|
|
|a Electronic access restricted to authorized BRAC University faculty, staff and students
|
| 520 |
3 |
|
|a Inflation has been below the Federal Reserve's target for much of the past 20 years, creating worries that inflation may be deanchoring from the FOMC's target. This paper uses a factor model that incorporates information from professional forecasters, household and business surveys, and the market for Treasury inflation protected securities (TIPS) to estimate long-run inflation expectations. These have fallen notably in the past few years (to roughly 1.9 percent for CPI inflation, well below the FOMC's target). It appears that, even before the covid recession, the private sector viewed the economy as likely to suffer from persistent headwinds to inflation.
|
| 538 |
|
|
|a Mode of access: Internet
|
| 830 |
|
0 |
|a IMF Working Papers; Working Paper ;
|v No. 2020/240
|
| 856 |
4 |
0 |
|z Full text available on IMF
|u http://elibrary.imf.org/view/journals/001/2020/240/001.2020.issue-240-en.xml
|z IMF e-Library
|